=LDR 00000nam 2200000 4500 =001 INLIS000000000046867 =005 20251103122535 =035 ##$$a 0010-051500000000126 =008 251103###########################0#ind## =020 ##$$a 979-685-530-5 =082 ##$$a 398.209.598.49 =100 ##$$a SANDRA SAFITRI HANAN =245 1#$$a PANGERAN RANDASITAGI DAN PUTRI WAIRIWONDU /$c Sandra Safitri Hanan =260 ##$$a JAKARTA :$b BADAN PENGEMB. DAN PEMBINAAN BAHASA KEMENDIKBUD RI,$c 2012 =300 ##$$a 76 hlm : $b ilus ; $c 15 x 21 cm =850 ##$$aNBPNMAT =084 ##$$a 398.209.598.49 SAN p =990 ##$$a 0001/BPAP-NTB/20142015 =990 ##$$a 2090100856/BPAP-NTB/2015 =990 ##$$a 3101154 =990 ##$$a 0001/BPAP-NTB/20142015